| 000 | 01928cad a22002655a 4500 | ||
|---|---|---|---|
| 001 | L146255 | ||
| 008 | 081219e20081217xxkabd f s a000 0 eng d | ||
| 020 | _a9780102954470 | ||
| 035 | _a(Sirsi) u146255 | ||
| 041 | 0 | _aeng | |
| 050 | 0 | 4 | _a711.1 $2 18 |
| 110 | 2 |
_aUnited Kingdom _bNational Audit Office _91350 |
|
| 245 | 0 | 0 |
_aDepartment for Communities and Local Government, planning for homes _bspeeding up planning applications for major housing developments in England _h[electronic resource] |
| 260 |
_aLondon _bStationary Office _c2008 |
||
| 490 | 0 |
_aHC _v15 |
|
| 505 | 2 | _aIntroduction -- The impact of the Department's targets -- The impact of the Department's initiatives -- Appendices: an overview of the planning system; recent history of the planning system; methodology; results from the examination of a sample of applications; results of survey of local planning authorities -- Glossary | |
| 520 | _aReport looks at how long it takes for authorities to grant planning applications for major residential projects, reviewing case studies of over 100 such applications approved during 2006-07 by eleven authorities. Reviews the planning process for these projects, makes comment on the relative value for money found in the planning process and offers further suggestions to support the policy aim of accelerating the growth of residential housing stocks. | ||
| 521 | _aAdvanced | ||
| 590 | _aKA NTK | ||
| 651 | 4 |
_aEngland and Wales _y1543- |
|
| 690 | _aENVIRONMENTAL AND LAND CONSULTANCY-PLANNING AND DEVELOPMENT-DEVELOPMENT CONTROL | ||
| 856 | 4 | 0 |
_uhttps://www.nao.org.uk/idoc.ashx?docId=067fa027-52ac-4fd6-9e5d-28d61a7747c0&version=-1 _zView the full report free of charge at the www.nao.org.uk website. |
| 856 | 4 | 0 |
_uhttps://www.nao.org.uk/idoc.ashx?docId=067fa027-52ac-4fd6-9e5d-28d61a7747c0&version=-1 _zView the executive summary of the report, free of charge at the www.nao.org.uk website. |
| 942 | _n0 | ||
| 999 |
_c109087 _d109087 |
||